000 00925nam a22002057a 4500
005 20250827155142.0
008 240903b ||||| |||| 00| 0 eng d
082 _aDPer 796.07 J826 July-October 2019 January-April 2020 v. 38, 39 n. 3-4, 1-2
100 _aHemphill, Micheal A.
_eauthor
_959911
245 _aUsing simple interactions to improve pedagogy in a cross-aged leadership program /
_cMicheal A. Hemphill and Tom Martinek.
260 _a Champaign, Illinois ;
_bHuman Kinetics, Inc. ,
_cJanuary 2020.
300 _aVolume 39, pages 126-130 :
_billustration ;
_c28 cm.
500 _aJournal of Teaching in Physical Education, vol. 39, no. 1, pages 126-130, January 2020.
650 0 _aAltruism.
_940977
650 0 _aInterpersonal competence.
_967095
650 0 _aCross age teaching.
_967096
700 _aHemphill, Micheal A.
_eauthor.
_959911
700 _aMartinek, Tom.
_eauthor.
_959912
942 _2ddc
_cPER
999 _c21217
_d21217